000 00442nam a2200157 i 4500
001 28417
003 ES-MaACL
005 20230906153842.0
007 t|
008 030117s1927 sp ||||1| spa d
100 1 _aBaquero Gil, Gregorio F.
_925264
245 1 3 _aLa humana dignidad /
_cGregorio F. Baquero Gil.
260 _aMadrid :
_b[s.n.,
_c1927] (
_fImp. de Samarán y Cía.)
300 _a32 p. ;
_c18 cm.
852 _aES-MaACL
_j1706-F-3
999 _c28417
_d28417